Nestačia len projekty, treba aj peniaze

Bibliographic Details
Main Authors: Nemec, Stanislav (ain), Pósa, Ľudovít (Author, uin)
Format: Article
Language:Slovak
PhysicalDescription:Fotogr.
ISSN:1335-440X
Subjects:

MARC

LEADER 00000nab a2200000 a 4500
001 vtls000841941
003 SK-MaSNL
005 20260304075552.0
008 180207c2003 xo 0 slo
015 |a SNBRB2003/08-22021 
035 |a CLN000193596 
040 |a SNKBUCL  |b slo  |c SNKBUCL  |e AACR2 
041 0 |a slo 
044 |a xo  |c SK 
080 |a 338.43(437.6):339.96(4)  |2 UDC-MRF-SK2 
080 |a 631+663/664(437.6):339.96(4)  |2 UDC-MRF-SK2 
080 |a 339.96(4:437.6)  |2 UDC-MRF-SK2 
080 |a 339.923(4:437.6)  |2 UDC-MRF-SK2 
100 1 |a Nemec, Stanislav  |4 ain  |9 339695 
245 1 0 |a Nestačia len projekty, treba aj peniaze  |c Stanislav Nemec, Ľudovít Pósa 
300 |b Fotogr. 
610 7 |a SAPARD (program)  |2 snkbucl  |9 28719 
610 7 |a Európska únia  |2 snkbucl  |9 29861 
650 0 7 |a poľnohospodársko-potravinársky komplex  |2 snkbucl  |9 58541 
655 7 |a články z novín a časopisov  |2 snkbucl  |9 267496 
700 1 |a Pósa, Ľudovít  |4 aut  |4 uin  |9 620110 
773 0 |x 1335-440X  |t Sme. Roľnícke noviny  |g Č. 107 (6.6.2003) 
773 0 |x 1335-440X  |t [Príl.] Roľnícke noviny  |g Č. 1 (6.6.2003), s. 1 a 3 
850 |a Slovenská národná knižnica v Martine 
852 |a SNK  |b KIS3GCP 
958 |a RBX 
999 |c 2782102  |d 2784032